[Event "Rated Blitz tournament 7h8KdwIb"]
[Site "?"]
[Date "2021.04.15"]
[Round "?"]
[White "Crucificador"]
[Black "Maltinho"]
[Result "0-1"]
[WhiteElo "2310"]
[BlackElo "2520"]
[PlyCount "78"]
[EventDate "2021.??.??"]
[EventType "blitz"]

1. e4 e5 2. Nf3 d5 3. Nxe5 Bd6 4. d4 dxe4 5. Nc4 Nf6 6. Be2 Nc6 7. c3 O-O 8.
Bg5 h6 9. Bh4 Bf5 10. Ne3 Bg6 11. Nd2 Be7 12. g4 Nd5 13. Bxe7 Ncxe7 14. Qb3
Nxe3 15. fxe3 Nd5 16. c4 Qh4+ 17. Kd1 Nf6 18. Kc2 Nxg4 19. Bxg4 Qxg4 20. Rag1
Qe2 21. Re1 Qh5 22. Qxb7 c5 23. d5 Qe5 24. Qb3 a5 25. Qc3 Qd6 26. h4 f5 27. h5
Bh7 28. Rhg1 Ra7 29. Ref1 f4 30. Rg4 Raf7 31. Kd1 fxe3 32. Rxf7 Rxf7 33. Qxe3
Qe5 34. Qxh6 e3 35. Qa6 exd2 36. Qc8+ Rf8 37. Qe6+ Qxe6 38. dxe6 Rd8 39. Rg2
Bc2+ {Time forfeit} 0-1

[Event "Rated Blitz game"]
[Site "?"]
[Date "2021.04.15"]
[Round "?"]
[White "lumiere91"]
[Black "Dzon_Vejn"]
[Result "0-1"]
[WhiteElo "2305"]
[BlackElo "2444"]
[PlyCount "37"]
[EventDate "2021.??.??"]
[EventType "blitz"]

1. e4 e5 2. Nf3 d5 3. d4 dxe4 4. Nxe5 Bd6 5. Be2 Bxe5 6. dxe5 Qxd1+ 7. Bxd1 Nc6
8. Nc3 Bf5 9. Bf4 Nge7 10. O-O O-O-O 11. Be2 Nd4 12. Bc4 Nxc2 13. Rac1 Nb4 14.
Bg5 Rd7 15. Bb5 c6 16. a3 Nd3 17. Bxd3 exd3 18. Bxe7 Rxe7 19. Nd5 {Normal} 0-1

[Event "Rated Classical game"]
[Site "?"]
[Date "2021.04.15"]
[Round "?"]
[White "try2defeatme"]
[Black "Boris-Trapsky"]
[Result "1-0"]
[WhiteElo "2427"]
[BlackElo "2293"]
[PlyCount "95"]
[EventDate "2021.??.??"]

1. e4 e5 2. Nf3 d5 3. Nxe5 Bd6 4. d4 dxe4 5. Bc4 Bxe5 6. Qh5 Qe7 7. Qxe5 Nf6 8.
Qxe7+ Kxe7 9. Nc3 Rd8 10. d5 a6 11. Bb3 b5 12. Be3 Bb7 13. O-O-O Nbd7 14. Bf4
Nc5 15. Bxc7 Rd7 16. d6+ Kf8 17. Rhe1 Rc8 18. Ba5 Ne8 19. Bb4 f5 20. g4 fxg4
21. Bd5 g3 22. Bxc5 Rxc5 23. Bxb7 gxf2 24. Rf1 e3 25. Ne4 Rc4 26. b3 Rb4 27. c3
Rxe4 28. Bxe4 Nxd6 29. Bc6 Rd8 30. Rd3 Rc8 31. Rxd6 h6 32. Bf3 Rxc3+ 33. Kd1 a5
34. Rc6 Rxc6 35. Bxc6 Ke7 36. Bxb5 Kd6 37. Ke2 Kc5 38. Be8 Kd4 39. Bg6 h5 40.
h4 Kc5 41. Kxe3 Kb4 42. Kd4 a4 43. Bd3 axb3 44. axb3 Kxb3 45. Rxf2 Ka4 46. Bc4
g5 47. Kc5 gxh4 48. Ra2# {Normal} 1-0

[Event "Rated Blitz game"]
[Site "?"]
[Date "2021.04.15"]
[Round "?"]
[White "M001Z"]
[Black "DarthZannah"]
[Result "0-1"]
[WhiteElo "2478"]
[BlackElo "2499"]
[PlyCount "124"]
[EventDate "2021.??.??"]
[EventType "blitz"]

1. e4 e5 2. Nf3 d5 3. exd5 e4 4. Ne5 Qxd5 5. Nc4 Nf6 6. Nc3 Qf5 7. Ne3 Qe5 8.
d4 exd3 9. Bxd3 Nc6 10. O-O Bd6 11. f4 Qd4 12. Nb5 Qc5 13. Nxd6+ Qxd6 14. Nc4
Qd8 15. Qe2+ Ne7 16. Re1 Be6 17. f5 Bxc4 18. Bxc4 O-O 19. Qxe7 Qd4+ 20. Be3
Qxc4 21. Qc5 Qxc5 22. Bxc5 Rfe8 23. Rad1 b6 24. Bb4 Rad8 25. Rxd8 Rxd8 26. Re7
Nd5 27. Re4 Nxb4 28. Rxb4 Rd1+ 29. Kf2 Rd2+ 30. Kf3 Rxc2 31. a4 a5 32. Rd4 h6
33. b4 axb4 34. Rxb4 Kf8 35. Re4 Rc5 36. g4 h5 37. h3 Rc3+ 38. Kg2 hxg4 39.
hxg4 f6 40. Kf2 Kf7 41. Kg2 Rc5 42. Kf2 Re5 43. Rc4 c5 44. Kf3 Ke7 45. Rc1 Kd6
46. Rh1 Kd5 47. Rd1+ Kc6 48. Rd8 Re7 49. Kf4 Ra7 50. Rc8+ Kd5 51. Rb8 Rxa4+ 52.
Kf3 Kc6 53. Rc8+ Kd6 54. Rb8 Rb4 55. Rb7 c4 56. Rxg7 Rb3+ 57. Ke4 c3 58. Kd3 b5
59. Rf7 Ke5 60. Rc7 b4 61. Rc5+ Kf4 62. g5 Kxg5 {Normal} 0-1

[Event "Rated Blitz game"]
[Site "?"]
[Date "2021.04.15"]
[Round "?"]
[White "musashino"]
[Black "annaly1979"]
[Result "0-1"]
[WhiteElo "2369"]
[BlackElo "2412"]
[PlyCount "94"]
[EventDate "2021.??.??"]
[EventType "blitz"]

1. e4 e5 2. Nf3 d5 3. exd5 e4 4. Qe2 f5 5. Nc3 Nf6 6. Nd4 a6 7. d3 Bb4 8. dxe4
Bxc3+ 9. bxc3 fxe4 10. c4 O-O 11. Ba3 c5 12. Nb3 b6 13. h3 Bf5 14. Qe3 Nbd7 15.
Be2 a5 16. O-O Qc7 17. Rab1 Rae8 18. Bc1 h6 19. Qf4 Qe5 20. Qxe5 Nxe5 21. Bf4
Nfd7 22. Nd2 g5 23. Bxe5 Rxe5 24. Rb3 a4 25. Ra3 Ra8 26. Rb1 Ree8 27. Nf1 Kf8
28. Ne3 Bg6 29. Bg4 Ne5 30. Rxb6 Kg7 31. Rb7+ Kf6 32. Rc7 h5 33. Be6 Ra5 34.
Bc8 Re7 35. Rxe7 Kxe7 36. Be6 Kd6 37. Kh2 Ra7 38. h4 g4 39. Kg3 Bh7 40. Bf5 Bg8
41. Bxe4 Bf7 42. Bd3 Bg6 43. f4 gxf3 44. gxf3 Bxd3 45. cxd3 Rg7+ 46. Kf4 Rf7+
47. Nf5+ Rxf5+ {Time forfeit} 0-1

[Event "Rated Blitz tournament eH5Pmow1"]
[Site "?"]
[Date "2021.04.15"]
[Round "?"]
[White "sharan_chessmood"]
[Black "Schachelite"]
[Result "1-0"]
[WhiteElo "2358"]
[BlackElo "2409"]
[PlyCount "75"]
[EventDate "2021.??.??"]
[EventType "blitz"]

1. e4 e5 2. Nf3 d5 3. Nxe5 Bd6 4. d4 dxe4 5. Bc4 Bxe5 6. Qh5 Qe7 7. Qxe5 Qxe5
8. dxe5 Nc6 9. Nc3 Nxe5 10. Bb3 f5 11. Bf4 Ng6 12. Bxc7 Nf6 13. O-O-O Bd7 14.
Nd5 Nxd5 15. Rxd5 Rc8 16. Ba5 Be6 17. Rb5 Bxb3 18. Rxb3 b6 19. Bc3 O-O 20. Rd1
b5 21. Rxb5 f4 22. Rb7 Rf7 23. Rxf7 Kxf7 24. Rd7+ Ne7 25. Bxg7 Rg8 26. Bh6 Ke6
27. Rxa7 Rxg2 28. Bxf4 Rxf2 29. Bg5 Nd5 30. Rxh7 e3 31. Rh6+ Kf5 32. Bxe3 Nxe3
33. c3 Rc2+ 34. Kb1 Rg2 35. a4 Ng4 36. Rh5+ Kg6 37. Rh8 Nxh2 38. Rg8+ {Time
forfeit} 1-0

[Event "Rated Blitz game"]
[Site "?"]
[Date "2021.04.15"]
[Round "?"]
[White "Imtheonewhoknocks"]
[Black "magos33"]
[Result "0-1"]
[WhiteElo "2315"]
[BlackElo "2417"]
[PlyCount "20"]
[EventDate "2021.??.??"]
[EventType "blitz"]

1. e4 e5 2. Nf3 d5 3. exd5 e4 4. Qe2 Nf6 5. Nc3 Be7 6. Nxe4 Nxd5 7. d3 O-O 8.
Bd2 Re8 9. O-O-O f5 10. Nc3 Bf6 {Normal} 0-1

[Event "Rated Blitz tournament GoOkSP1b"]
[Site "?"]
[Date "2021.04.15"]
[Round "?"]
[White "Kacparov"]
[Black "Killerrhino"]
[Result "1-0"]
[WhiteElo "2669"]
[BlackElo "2388"]
[PlyCount "75"]
[EventDate "2021.??.??"]
[EventType "blitz"]

1. e4 e5 2. Nf3 d5 3. d3 dxe4 4. dxe4 Qxd1+ 5. Kxd1 Nf6 6. Bd3 Ng4 7. Ke2 Bc5
8. Rf1 Nc6 9. h3 Nf6 10. c3 a5 11. Nbd2 h6 12. Nc4 Bd6 13. Nxd6+ cxd6 14. Be3
Be6 15. c4 Nb4 16. b3 Nxd3 17. Kxd3 O-O-O 18. Nd2 Kc7 19. Rfb1 Nd7 20. Kc3 b6
21. a3 f5 22. f3 g5 23. b4 axb4+ 24. axb4 Ra8 25. Nb3 Rhf8 26. exf5 Bxf5 27.
Rd1 Be6 28. Rxa8 Rxa8 29. Rd2 Rc8 30. Bf2 Nf6 31. c5 bxc5 32. bxc5 d5 33. Bg3
Nd7 34. Nd4 Bg8 35. Re2 Re8 36. c6 Nb6 37. Rxe5 Kc8 38. Rxe8# {Normal} 1-0

[Event "Rated Blitz game"]
[Site "?"]
[Date "2021.04.14"]
[Round "?"]
[White "Daskevich"]
[Black "Erow"]
[Result "0-1"]
[WhiteElo "2634"]
[BlackElo "2665"]
[PlyCount "66"]
[EventDate "2021.??.??"]
[EventType "blitz"]

1. e4 e5 2. Nf3 d5 3. exd5 e4 4. Qe2 Nf6 5. d3 Bb4+ 6. c3 O-O 7. dxe4 Bc5 8.
Bg5 Re8 9. Bxf6 Qxf6 10. Nbd2 c6 11. Qc4 Nd7 12. Be2 b5 13. Qb3 Ne5 14. O-O Bb7
15. Nd4 cxd5 16. f4 Nc4 17. Bxc4 dxc4 18. e5 Qb6 19. Qc2 Bxd4+ 20. cxd4 Qxd4+
21. Kh1 Rad8 22. Rad1 Qd3 23. Qxd3 Rxd3 24. Nb1 Red8 25. Rde1 b4 26. Kg1 c3 27.
bxc3 bxc3 28. Na3 Rd2 29. Rf2 Rxf2 30. Kxf2 Rd2+ 31. Re2 Rxe2+ 32. Kxe2 Bxg2
33. Nb5 Bf1+ {Normal} 0-1

[Event "Rated Blitz game"]
[Site "?"]
[Date "2021.04.14"]
[Round "?"]
[White "datajunkie"]
[Black "Erow"]
[Result "1-0"]
[WhiteElo "2626"]
[BlackElo "2670"]
[PlyCount "65"]
[EventDate "2021.??.??"]
[EventType "blitz"]

1. e4 e5 2. Nf3 d5 3. exd5 e4 4. Qe2 Nf6 5. Nc3 Be7 6. Nxe4 O-O 7. Nxf6+ Bxf6
8. Qd1 Qxd5 9. Be2 Nc6 10. O-O Re8 11. c3 Bg4 12. d4 Rad8 13. Be3 Ne7 14. Nd2
Bxe2 15. Qxe2 Nf5 16. Rfe1 Bg5 17. Nf1 Nh4 18. Qg4 f6 19. Bxg5 fxg5 20. Ne3 Qa5
21. g3 Ng6 22. Nf5 Rf8 23. Ne7+ Nxe7 24. Rxe7 Rd6 25. Rae1 Rdf6 26. Qd7 Rg6 27.
Re8 Rgf6 28. Rxf8+ Rxf8 29. Re7 Qf5 30. Rxg7+ Kh8 31. Qxf5 Rxf5 32. Rxc7 Rb5
33. b4 {Normal} 1-0

[Event "Rated Blitz game"]
[Site "?"]
[Date "2021.04.14"]
[Round "?"]
[White "peaudepaillator"]
[Black "Mettigel"]
[Result "1-0"]
[WhiteElo "2480"]
[BlackElo "2415"]
[PlyCount "103"]
[EventDate "2021.??.??"]
[EventType "blitz"]

1. e4 e5 2. Nf3 d5 3. exd5 e4 4. Qe2 Nf6 5. d3 Qxd5 6. Nc3 Bb4 7. Bd2 Bxc3 8.
Bxc3 O-O 9. dxe4 Nxe4 10. Rd1 Qf5 11. g4 Nxc3 12. bxc3 Qxg4 13. Rg1 Qf4 14. Rd4
Qc1+ 15. Qd1 Qh6 16. Rh4 Qe6+ 17. Be2 h6 18. Nd4 Qf6 19. Rh5 Nc6 20. Qd2 Nxd4
21. Rxh6 Nxc2+ 22. Kf1 g6 23. Qxc2 Bf5 24. Bd3 Bxd3+ 25. Qxd3 Kg7 26. Rh3 Rad8
27. Qc2 Rfe8 28. Rhg3 Re5 29. h4 Rde8 30. Kg2 Qc6+ 31. Kh3 Re2 32. Qd3 Qe6+ 33.
Kg2 Qe4+ 34. Qxe4 R2xe4 35. h5 R8e6 36. hxg6 Rxg6 37. Kf3 Ree6 38. Rxg6+ fxg6
39. Rd1 Rc6 40. Rd3 Kf6 41. Ke4 a5 42. Kd5 Rd6+ 43. Kc4 Rxd3 44. Kxd3 Ke5 45.
Ke3 g5 46. a4 b6 47. f3 c6 48. c4 c5 49. Kf2 Kf4 50. Kg2 g4 51. fxg4 Kxg4 52.
Kf2 {Time forfeit} 1-0

[Event "Rated Blitz game"]
[Site "?"]
[Date "2021.04.14"]
[Round "?"]
[White "zqmchess"]
[Black "DarthZannah"]
[Result "1-0"]
[WhiteElo "2574"]
[BlackElo "2480"]
[PlyCount "125"]
[EventDate "2021.??.??"]
[EventType "blitz"]

1. e4 e5 2. Nf3 d5 3. exd5 e4 4. Ne5 Qxd5 5. d4 exd3 6. Nxd3 Nf6 7. Nc3 Qf5 8.
Bf4 c6 9. h3 Be7 10. g4 Qa5 11. Bg2 O-O 12. O-O Be6 13. Re1 Re8 14. a3 Nbd7 15.
b4 Qb6 16. Be3 Qc7 17. Nf4 Bc4 18. g5 Bd6 19. gxf6 Bxf4 20. Qg4 g5 21. Bxf4
Qxf4 22. Qxd7 Rxe1+ 23. Rxe1 Qxf6 24. Ne4 Qe5 25. Qd6 Qxd6 26. Nxd6 Ba6 27. Re7
Rd8 28. Nxb7 Rd1+ 29. Kh2 Rd2 30. Nc5 Bc4 31. Rxa7 Rxc2 32. Kg3 f5 33. Bxc6 Bf1
34. Bd5+ Kf8 35. Ne6+ Ke8 36. Ng7+ Kd8 37. Nxf5 h5 38. h4 Rc3+ 39. Ne3 gxh4+
40. Kxh4 Be2 41. a4 Rd3 42. b5 Rd4+ 43. Kg5 h4 44. Rh7 Rxa4 45. b6 Rb4 46. b7
Ba6 47. Rh8+ Kc7 48. Rc8+ Kd6 49. b8=Q+ Rxb8 50. Rxb8 h3 51. Rb6+ Ke5 52. Rxa6
h2 53. f4+ Kd4 54. Ra3 Kc5 55. f5 Kd4 56. f6 Kc5 57. f7 Kd4 58. f8=Q h1=Q 59.
Bxh1 Ke5 60. Qf4+ Ke6 61. Ra6+ Kd7 62. Qf7+ Kd8 63. Ra8# {Normal} 1-0

[Event "Rated Blitz game"]
[Site "?"]
[Date "2021.04.14"]
[Round "?"]
[White "Riko_Sakurauchi"]
[Black "Chessbear_163"]
[Result "1-0"]
[WhiteElo "2428"]
[BlackElo "2283"]
[PlyCount "97"]
[EventDate "2021.??.??"]
[EventType "blitz"]

1. e4 e5 2. Nf3 d5 3. exd5 e4 4. Qe2 Nf6 5. d3 Qxd5 6. Nc3 Bb4 7. Bd2 Bxc3 8.
Bxc3 O-O 9. O-O-O exf3 10. gxf3 Qe6 11. Qd2 Nd5 12. Bd4 Nc6 13. Be3 Nxe3 14.
fxe3 Qxa2 15. Qc3 Qa1+ 16. Kd2 Qa5 17. Rg1 Qxc3+ 18. Kxc3 Be6 19. f4 a5 20. Bg2
Ra6 21. d4 Bd7 22. e4 Nb4 23. d5 Rh6 24. h3 Bxh3 25. e5 Bxg2 26. Rxg2 Rd8 27.
Kc4 Rh4 28. Rd4 b6 29. c3 Na6 30. Kb5 Nc5 31. b4 axb4 32. cxb4 Ne6 33. dxe6 Re8
34. e7 f6 35. exf6 g6 36. Kc6 Kf7 37. Kxc7 b5 38. Kd7 Rh5 39. Rg5 Rh1 40. Rxb5
Rc1 41. Rc5 Rb1 42. Rc8 Rxc8 43. Kxc8 Re1 44. Kd7 h5 45. Rd5 h4 46. Re5 Rd1+
47. Kc6 Kxf6 48. e8=Q h3 49. Qe7# {Normal} 1-0

[Event "Rated Blitz game"]
[Site "?"]
[Date "2021.04.14"]
[Round "?"]
[White "UnholyCrusade"]
[Black "annaly1979"]
[Result "0-1"]
[WhiteElo "2470"]
[BlackElo "2419"]
[PlyCount "20"]
[EventDate "2021.??.??"]
[EventType "blitz"]

1. e4 e5 2. Nf3 d5 3. exd5 e4 4. Qe2 f5 5. d3 Nf6 6. Nc3 Bb4 7. Nd2 Bxc3 8.
bxc3 O-O 9. dxe4 fxe4 10. Nxe4 Nxe4 {Normal} 0-1

[Event "Rated Blitz game"]
[Site "?"]
[Date "2021.04.14"]
[Round "?"]
[White "Gransiurell"]
[Black "Sinrah-Tensei"]
[Result "0-1"]
[WhiteElo "2371"]
[BlackElo "2400"]
[PlyCount "96"]
[EventDate "2021.??.??"]
[EventType "blitz"]

1. e4 e5 2. Nf3 d5 3. Nxe5 Bd6 4. d4 dxe4 5. Nc4 f5 6. Nxd6+ Qxd6 7. c4 c5 8.
d5 Nd7 9. Nc3 a6 10. g3 Ngf6 11. Bf4 Ne5 12. Be2 O-O 13. Qd2 b6 14. O-O-O Bd7
15. h3 Rab8 16. f3 b5 17. fxe4 fxe4 18. cxb5 axb5 19. Rhe1 b4 20. Nb1 c4 21.
Bxc4 Bxh3 22. Qd4 Rfe8 23. Nd2 Bg4 24. Nxe4 Nxe4 25. Rxe4 Bxd1 26. Bxe5 Qh6+
27. Kxd1 Rbd8 28. Rg4 Qh1+ 29. Kc2 Qg2+ 30. Kb3 Qf3+ 31. Bd3 Rxe5 32. Rxg7+
Kxg7 33. Qxe5+ Qf6 34. Qxf6+ Kxf6 35. Bxh7 Rxd5 36. Bc2 Rd4 37. a4 Ke5 38. a5
Kd6 39. Ka4 Kc5 40. Bf5 Rd2 41. Kb3 Rg2 42. g4 Kb5 43. a6 Rg3+ 44. Kc2 Kxa6 45.
b3 Kb5 46. Be6 Kc5 47. Kd2 Kd4 48. Ke2 Re3+ {Normal} 0-1

[Event "Rated Blitz game"]
[Site "?"]
[Date "2021.04.14"]
[Round "?"]
[White "Harikrishnapentala"]
[Black "Erow"]
[Result "1-0"]
[WhiteElo "2627"]
[BlackElo "2655"]
[PlyCount "107"]
[EventDate "2021.??.??"]
[EventType "blitz"]

1. e4 e5 2. Nf3 d5 3. Nxe5 Bd6 4. d4 dxe4 5. Nc3 Bxe5 6. dxe5 Qxd1+ 7. Nxd1 Nc6
8. Bf4 Nge7 9. Nc3 Ng6 10. Bg3 Bf5 11. Bb5 O-O-O 12. Bxc6 bxc6 13. O-O Rd2 14.
Rac1 h5 15. h4 Rhd8 16. Rfe1 R8d4 17. Nb1 e3 18. fxe3 Rd7 19. Nxd2 Rxd2 20. Rf1
Be4 21. Rf2 Rd7 22. Kf1 Nf8 23. Ke1 Ne6 24. Rd1 Re7 25. Kd2 g6 26. Rdf1 Rd7+
27. Kc1 Nd8 28. Bf4 Ne6 29. Bg5 Nxg5 30. hxg5 Bd5 31. e4 Be6 32. Rd2 Rxd2 33.
Kxd2 Kb7 34. Kc3 c5 35. g3 Kc6 36. Rd1 a6 37. Rd8 Kb6 38. a3 Kc6 39. b4 cxb4+
40. axb4 Kb6 41. Kd4 Kc6 42. c4 Kb6 43. Kc3 Kc6 44. Rb8 Kd7 45. Ra8 Kc6 46.
Rxa6+ Kb7 47. b5 Bg4 48. Kb4 Be6 49. c5 Bg4 50. c6+ Kb8 51. Kc5 Bc8 52. Ra1 Be6
53. b6 cxb6+ 54. Kxb6 {Normal} 1-0

[Event "Rated Blitz game"]
[Site "?"]
[Date "2021.04.14"]
[Round "?"]
[White "xmodey"]
[Black "Dzon_Vejn"]
[Result "0-1"]
[WhiteElo "2430"]
[BlackElo "2456"]
[PlyCount "96"]
[EventDate "2021.??.??"]
[EventType "blitz"]

1. e4 e5 2. Nf3 d5 3. Nxe5 Bd6 4. d4 dxe4 5. Nc4 Be7 6. f3 Nf6 7. fxe4 Nxe4 8.
Be3 O-O 9. Nbd2 Bh4+ 10. g3 Bg5 11. Nxe4 Bxe3 12. Nxe3 Re8 13. Bg2 f5 14. O-O
fxe4 15. c4 Nc6 16. d5 Ne7 17. Qb3 Ng6 18. Rae1 b6 19. Qc2 Qe7 20. a3 a5 21. h3
Bd7 22. g4 Nh4 23. Bh1 Qe5 24. Qf2 Qe7 25. Qg3 Rac8 26. Rf4 g5 27. Rxe4 Qf6 28.
Nd1 Rf8 29. Re7 Rcd8 30. Qe5 Qxe5 31. R1xe5 Rf7 32. Rxg5+ Kf8 33. Rxf7+ Kxf7
34. Rh5 Ng6 35. Rxh7+ Kf6 36. h4 Nf8 37. Rh6+ Kg7 38. g5 Ng6 39. Ne3 Nf4 40.
Kf2 Nd3+ 41. Ke2 Ne5 42. Kd2 Nf7 43. Kd3 Nxh6 44. gxh6+ Kxh6 45. Be4 Bf5 46.
Kd4 Bg4 47. c5 Be6 48. Ke5 Bxd5 {Time forfeit} 0-1

[Event "Rated Blitz game"]
[Site "?"]
[Date "2021.04.14"]
[Round "?"]
[White "DMKey"]
[Black "annaly1979"]
[Result "1-0"]
[WhiteElo "2541"]
[BlackElo "2427"]
[PlyCount "85"]
[EventDate "2021.??.??"]
[EventType "blitz"]

1. e4 e5 2. Nf3 d5 3. d4 dxe4 4. Nxe5 Bd6 5. Nc3 Bxe5 6. dxe5 Qxd1+ 7. Kxd1 Nc6
8. Bf4 Nge7 9. Nxe4 Ng6 10. Bg3 Ncxe5 11. c3 Bf5 12. f3 O-O-O+ 13. Kc2 Bxe4+
14. fxe4 Rhe8 15. Be2 f6 16. h4 Nc6 17. Bf3 Nge5 18. Rad1 Nc4 19. Bf2 N6e5 20.
b3 Nxf3 21. gxf3 Ne5 22. Rxd8+ Rxd8 23. Rh3 Rd7 24. h5 g5 25. hxg6 hxg6 26. Bd4
Rf7 27. f4 Nc6 28. Rh6 g5 29. f5 g4 30. Bxf6 g3 31. Rg6 g2 32. Bd4 Re7 33. Kd3
Rh7 34. Rxg2 Rh3+ 35. Kd2 b6 36. f6 Rf3 37. e5 Kd7 38. Rg7+ Ke6 39. Rxc7 Nd8
40. Re7+ Kd5 41. Rd7+ Ke4 42. Rxd8 Rd3+ 43. Ke2 {Normal} 1-0

[Event "Rated Blitz game"]
[Site "?"]
[Date "2021.04.14"]
[Round "?"]
[White "rumiek"]
[Black "Dzon_Vejn"]
[Result "0-1"]
[WhiteElo "2402"]
[BlackElo "2446"]
[PlyCount "40"]
[EventDate "2021.??.??"]
[EventType "blitz"]

1. e4 e5 2. Nf3 d5 3. Nc3 dxe4 4. Nxe4 Nf6 5. Nc3 Nc6 6. Bc4 Bb4 7. O-O O-O 8.
d3 h6 9. h3 Re8 10. Re1 Nd4 11. a3 Bd6 12. Nxd4 exd4 13. Rxe8+ Qxe8 14. Ne4
Nxe4 15. dxe4 Qxe4 16. Bd2 Bd7 17. Bd3 Qe5 18. Qf3 Qh2+ 19. Kf1 Re8 20. g3
Bxh3+ {Normal} 0-1

[Event "Rated Blitz game"]
[Site "?"]
[Date "2021.04.14"]
[Round "?"]
[White "samuel2900"]
[Black "wezly1"]
[Result "1-0"]
[WhiteElo "2477"]
[BlackElo "2318"]
[PlyCount "42"]
[EventDate "2021.??.??"]
[EventType "blitz"]

1. e4 e5 2. Nf3 d5 3. Nxe5 Bd6 4. d4 dxe4 5. Bc4 Bxe5 6. Qh5 Qe7 7. Qxe5 Qxe5
8. dxe5 Nc6 9. Nc3 Nxe5 10. Bb3 Bf5 11. Bf4 f6 12. O-O-O Ne7 13. Nb5 Rc8 14.
Nxa7 Ra8 15. Nb5 Rc8 16. Nd4 Bg4 17. Rde1 N5g6 18. Bg3 c5 19. Nb5 Nf5 20. Rxe4+
Ne5 21. Bxe5 fxe5 {Normal} 1-0

[Event "Rated Blitz game"]
[Site "?"]
[Date "2021.04.14"]
[Round "?"]
[White "CEKPETAPIAT"]
[Black "PuzzleMester"]
[Result "1/2-1/2"]
[WhiteElo "2377"]
[BlackElo "2465"]
[PlyCount "125"]
[EventDate "2021.??.??"]
[EventType "blitz"]

1. e4 e5 2. Nf3 d5 3. exd5 e4 4. Qe2 Be7 5. Qxe4 Nf6 6. Qa4+ c6 7. dxc6 Nxc6 8.
Bb5 O-O 9. O-O Be6 10. Bxc6 bxc6 11. d3 Bd6 12. Nbd2 Re8 13. b3 a5 14. Bb2 Nd5
15. a3 f6 16. Ne4 Bf8 17. Nd4 Bg4 18. Nxc6 Qd7 19. f3 Bf5 20. Nd4 Qxa4 21. bxa4
Bg6 22. Nb5 Rec8 23. Rf2 Nb6 24. Bd4 Nxa4 25. c4 Rd8 26. Rd2 Bxe4 27. dxe4 Nc5
28. Rad1 Nb3 29. Rd3 Nxd4 30. Nxd4 Kf7 31. Kf1 Rac8 32. Nb3 Rxd3 33. Rxd3 Rxc4
34. Nxa5 Ra4 35. Nc6 Rxa3 36. Rxa3 Bxa3 37. Ke2 h5 38. Nd4 Bd6 39. h3 Be5 40.
Ke3 Bc7 41. f4 g6 42. Kf3 g5 43. g3 Bb6 44. Nf5 Kg6 45. Ne7+ Kf7 46. Nd5 Bd4
47. Nc7 Bb2 48. Nd5 Bd4 49. Ne3 Kg6 50. Nf5 Ba7 51. Nd6 gxf4 52. gxf4 Bd4 53.
Ke2 Bb6 54. Kd3 Bc7 55. e5 fxe5 56. fxe5 Kg5 57. Ke4 Kh4 58. Kd5 Kxh3 59. Nf7
Bxe5 60. Kxe5 Kg3 61. Kf5 h4 62. Ng5 h3 63. Nxh3 {Normal} 1/2-1/2

[Event "Rated Blitz game"]
[Site "?"]
[Date "2021.04.14"]
[Round "?"]
[White "Cesmaster"]
[Black "Slimslik02"]
[Result "1-0"]
[WhiteElo "2414"]
[BlackElo "2338"]
[PlyCount "57"]
[EventDate "2021.??.??"]
[EventType "blitz"]

1. e4 e5 2. Nf3 d5 3. Nxe5 Bd6 4. d4 dxe4 5. Nc4 Nf6 6. Nxd6+ cxd6 7. Be3 O-O
8. c4 d5 9. Nc3 dxc4 10. Bxc4 Ng4 11. Be2 Nxe3 12. fxe3 Qh4+ 13. g3 Qh6 14. Qd2
Nc6 15. O-O Bh3 16. Rf4 f5 17. Bf1 Bxf1 18. Raxf1 Ne7 19. Qd1 Kh8 20. Qe2 g5
21. R4f2 Rac8 22. Kh1 Qh3 23. Qb5 Ng6 24. Rxf5 Nf4 25. Rxf8+ Rxf8 26. exf4 gxf4
27. Qe5+ Kg8 28. Rxf4 Rxf4 29. Qxf4 {Normal} 1-0

[Event "Rated Blitz game"]
[Site "?"]
[Date "2021.04.14"]
[Round "?"]
[White "RJDeighton"]
[Black "DarthZannah"]
[Result "0-1"]
[WhiteElo "2365"]
[BlackElo "2476"]
[PlyCount "44"]
[EventDate "2021.??.??"]
[EventType "blitz"]

1. e4 e5 2. Nf3 d5 3. Nxe5 dxe4 4. Bc4 Qg5 5. d4 Qxg2 6. Rf1 Be6 7. Bxe6 fxe6
8. Nc3 c6 9. Qh5+ g6 10. Qh4 Be7 11. Qxe4 Qxe4+ 12. Nxe4 Nf6 13. Ng5 Nbd7 14.
Nxe6 Nxe5 15. dxe5 Nd5 16. c4 Nb4 17. Nc7+ Kd7 18. Nxa8 Nc2+ 19. Kd2 Nxa1 20.
Kc3 Rxa8 21. Be3 Ke6 22. f4 Bb4+ {Normal} 0-1

[Event "Rated Blitz game"]
[Site "?"]
[Date "2021.04.14"]
[Round "?"]
[White "kazlatan"]
[Black "Slimslik02"]
[Result "1-0"]
[WhiteElo "2402"]
[BlackElo "2369"]
[PlyCount "87"]
[EventDate "2021.??.??"]
[EventType "blitz"]

1. e4 e5 2. Nf3 d5 3. Nc3 d4 4. Ne2 Bd6 5. Ng3 h5 6. h4 Bg4 7. Bc4 Nd7 8. d3
Nb6 9. Bb3 Qd7 10. Qe2 O-O-O 11. a4 a5 12. Bd2 Bb4 13. Bxb4 axb4 14. a5 Na8 15.
Qd2 Qe7 16. Ra4 c5 17. a6 b6 18. Ng5 Nh6 19. f3 Bd7 20. Ra2 f6 21. Nh3 f5 22.
Ng5 f4 23. Nxh5 Qe8 24. Nxg7 Qg6 25. N7e6 Rde8 26. Bd5 Bxe6 27. Nxe6 Rxe6 28.
Bxa8 Kc7 29. Bd5 Ree8 30. a7 Ra8 31. h5 Qg3+ 32. Qf2 Qg5 33. Qh4 Qg7 34. O-O
Kd6 35. Ra6 Rxa7 36. Rxb6+ Kc7 37. Rg6 Qd7 38. Qf6 Re8 39. Qb6+ Kc8 40. Rc6+
Rc7 41. Rxc7+ Qxc7 42. Qxh6 Qe7 43. Qc6+ Qc7 44. Qxe8+ {Normal} 1-0

[Event "Rated Blitz game"]
[Site "?"]
[Date "2021.04.14"]
[Round "?"]
[White "Lightlike"]
[Black "GrandeGila"]
[Result "0-1"]
[WhiteElo "2546"]
[BlackElo "2469"]
[PlyCount "22"]
[EventDate "2021.??.??"]
[EventType "blitz"]

1. e4 e5 2. Nf3 d5 3. Nxe5 Bd6 4. d4 dxe4 5. Nc4 Nc6 6. Nc3 Bb4 7. Be3 Nf6 8.
Be2 Be6 9. O-O O-O 10. f3 exf3 11. Bxf3 Bxc4 {Normal} 0-1

[Event "Rated Blitz game"]
[Site "?"]
[Date "2021.04.14"]
[Round "?"]
[White "Ergashev"]
[Black "Jomajo"]
[Result "1-0"]
[WhiteElo "2545"]
[BlackElo "2636"]
[PlyCount "41"]
[EventDate "2021.??.??"]
[EventType "blitz"]

1. e4 e5 2. Nf3 d5 3. exd5 e4 4. Qe2 Qe7 5. Nd4 Nf6 6. Nc3 Qe5 7. Nf3 Qe7 8.
Ng5 Bg4 9. Qb5+ c6 10. dxc6 Nxc6 11. Bc4 Bh5 12. O-O O-O-O 13. Re1 Bg6 14. d3
a6 15. Qa4 h6 16. Ngxe4 Nxe4 17. Nxe4 f5 18. Bxa6 bxa6 19. Qxc6+ Kb8 20. Qb6+
Kc8 21. Qxa6+ {Normal} 1-0

[Event "Rated Blitz tournament NZyvon0M"]
[Site "?"]
[Date "2021.04.14"]
[Round "?"]
[White "Tresna_BKD"]
[Black "om_gendut"]
[Result "0-1"]
[WhiteElo "2288"]
[BlackElo "2407"]
[PlyCount "136"]
[EventDate "2021.??.??"]
[EventType "blitz"]

1. e4 e5 2. Nf3 d5 3. d3 dxe4 4. dxe4 Qxd1+ 5. Kxd1 Bg4 6. Be2 Nc6 7. c3 O-O-O+
8. Kc2 Bc5 9. Be3 Bxe3 10. fxe3 Nf6 11. Nbd2 Bh5 12. Rad1 Bg6 13. Bb5 Nxe4 14.
Nxe4 Bxe4+ 15. Kc1 f6 16. Nd2 Bg6 17. Bxc6 bxc6 18. Nb3 Rxd1+ 19. Rxd1 Rd8 20.
Rxd8+ Kxd8 21. Nc5 Bf5 22. e4 Bc8 23. b4 Ke7 24. Kd2 g6 25. Ke3 f5 26. g3 Kd6
27. h4 Ke7 28. a4 Kf6 29. a5 h6 30. Nb3 g5 31. hxg5+ hxg5 32. Nc5 f4+ 33. Kf3
g4+ 34. Kf2 Kg5 35. Nd3 fxg3+ 36. Kxg3 Kf6 37. Nf2 Ke6 38. Nxg4 Kd6 39. Ne3 Be6
40. Kh4 c5 41. Kg5 cxb4 42. cxb4 Bd7 43. Kf6 Be6 44. Kg5 c5 45. Kf6 cxb4 46.
Nc2 b3 47. Na3 b2 48. Nb5+ Kc5 49. Nc3 Kd4 50. Nb1 Ba2 51. Na3 b1=Q 52. Nxb1
Bxb1 53. a6 Bxe4 54. Kg5 Bd3 55. Kg4 Bxa6 56. Kf3 Bc4 57. Kf2 a5 58. Ke1 a4 59.
Kd2 a3 60. Kc1 e4 61. Kb1 e3 62. Kc2 e2 63. Kd2 a2 64. Ke1 a1=Q+ 65. Kf2 Qf1+
66. Kg3 e1=Q+ 67. Kh2 Qee2+ 68. Kg3 Qeg2+ {Normal} 0-1

[Event "Rated Blitz game"]
[Site "?"]
[Date "2021.04.14"]
[Round "?"]
[White "Tuzibaba"]
[Black "annaly1979"]
[Result "1-0"]
[WhiteElo "2554"]
[BlackElo "2431"]
[PlyCount "53"]
[EventDate "2021.??.??"]
[EventType "blitz"]

1. e4 e5 2. Nf3 d5 3. exd5 e4 4. Qe2 f5 5. d3 Nf6 6. Nbd2 Be7 7. dxe4 fxe4 8.
Nxe4 Nxe4 9. Qxe4 O-O 10. Be3 Bd6 11. O-O-O Bf5 12. Qc4 Nd7 13. Bd3 Nb6 14. Qb3
a5 15. Bxb6 cxb6 16. Bxf5 Rxf5 17. Nd4 Rxf2 18. Ne6 Qf6 19. Qxb6 Be5 20. Rhe1
Qf5 21. Qc5 Bf6 22. g4 Qg6 23. Qxf2 Rc8 24. Qf5 Qe8 25. Ng5 Bxg5+ 26. Qxg5 Qa4
27. Qf5 {Normal} 1-0